|
|
|
|
| LEADER |
00000cam a22000004a 4500 |
| 001 |
musev2_53553 |
| 003 |
MdBmJHUP |
| 005 |
20230905045652.0 |
| 006 |
m o d |
| 007 |
cr||||||||nn|n |
| 008 |
150414e201410 sp o 00 0 spa d |
| 010 |
|
|
|z 2015407614
|
| 020 |
|
|
|a 9788436269369
|
| 020 |
|
|
|z 9788436267532
|
| 040 |
|
|
|a MdBmJHUP
|c MdBmJHUP
|
| 050 |
0 |
4 |
|a PC4511
|b .D66 2014
|
| 100 |
1 |
|
|a Domínguez Caparrós, Jose.
|
| 245 |
1 |
0 |
|a Métrica española /
|c Jose Domínguez Caparros.
|
| 250 |
|
|
|a Primera edición.
|
| 264 |
|
1 |
|a Madrid :
|b Universidad Nacional de Educación a Distancia,
|c octubre de 2014.
|
| 264 |
|
3 |
|a Baltimore, Md. :
|b Project MUSE,
|c 0000
|
| 264 |
|
4 |
|c ©octubre de 2014.
|
| 300 |
|
|
|a 1 online resource:
|b illustrations ;
|
| 336 |
|
|
|a text
|b txt
|2 rdacontent
|
| 337 |
|
|
|a computer
|b c
|2 rdamedia
|
| 338 |
|
|
|a online resource
|b cr
|2 rdacarrier
|
| 490 |
0 |
|
|a Colección Arte y humanidades
|
| 588 |
|
|
|a Description based on print version record.
|
| 650 |
|
7 |
|a Spanish language
|x Versification.
|2 fast
|0 (OCoLC)fst01128555
|
| 650 |
|
0 |
|a Spanish language
|x Versification.
|
| 655 |
|
7 |
|a Electronic books.
|2 local
|
| 710 |
2 |
|
|a Project Muse.
|e distributor
|
| 830 |
|
0 |
|a Colección Arte y humanidades.
|
| 830 |
|
0 |
|a Book collections on Project MUSE.
|
| 856 |
4 |
0 |
|z Texto completo
|u https://projectmuse.uam.elogim.com/book/53553/
|
| 945 |
|
|
|a Project MUSE - Custom Collection
|